logo

Bir Sreshtho Munshi Abdur Rouf Library
Jhenaidah Cadet College

Breaking down poverty in Bangladesh / (Record no. 8271)

MARC details
000 -LEADER
fixed length control field 00820nam a2200277 a 4500
001 - CONTROL NUMBER
JCCL Control Number 8271
003 - CONTROL NUMBER IDENTIFIER
JCCL marc code BD-JhCC
005 - DATE AND TIME OF LATEST TRANSACTION
control field 20180220120109.0
008 - FIXED-LENGTH DATA ELEMENTS--GENERAL INFORMATION
fixed length control field 180220s2009 bg a b 001 0 eng d
020 ## - INTERNATIONAL STANDARD BOOK NUMBER
International Standard Book Number 9847022000462
035 ## - SYSTEM CONTROL NUMBER
system control number (BD-JhCC)8271
040 ## - CATALOGING SOURCE
Original cataloging agency BD-JhCC
Transcribing agency DLC
Modifying agency BD-JhCC
041 ## - LANGUAGE CODE
Language code of Book eng
050 00 - LIBRARY OF CONGRESS CALL NUMBER
Classification number HC440.8.Z9
Item number P61233617 2009
082 ## - DEWEY DECIMAL CLASSIFICATION NUMBER
Classification number 339.46095492
Author mark and Year BRE 2009
245 00 - TITLE STATEMENT
Title Breaking down poverty in Bangladesh /
Statement of responsibility, etc edited by Ambar Narayan and Hassan Zaman.
246 30 - VARYING FORM OF TITLE
Title proper/short title Poverty
260 ## - PUBLICATION, DISTRIBUTION, ETC. (IMPRINT)
Place of publication, distribution, etc Dhaka :
Name of publisher, distributor, etc University Press Ltd.,
Date of publication, distribution, etc 2009.
300 ## - PHYSICAL DESCRIPTION
Pagination xxvi, 328 p. :
Other physical details ill. ;
Dimensions 22 cm.
504 ## - BIBLIOGRAPHY, ETC. NOTE
Bibliography, etc Includes bibliographical references and index.
520 ## - SUMMARY, ETC.
Summary, etc Contributed articles.
650 #0 - SUBJECT ADDED ENTRY--TOPICAL TERM
Topical term or geographic name as entry element Poverty
Geographic subdivision Bangladesh.
700 1# - ADDED ENTRY--PERSONAL NAME
Personal name Narayan, Ambar.
700 1# - ADDED ENTRY--PERSONAL NAME
Personal name Zaman, Hassan.
942 ## - ADDED ENTRY ELEMENTS (KOHA)
Source of classification or shelving scheme Dewey Decimal Classification
Koha item type Books
Holdings
Source of classification or shelving scheme Damaged status Not for loan Home library Current library Shelving location Date of accession Total Checkouts Full call number Barcode Date last seen Copy number Koha item type
Dewey Decimal Classification     JCC Rouf Library JCC Rouf Library General Stacks 02/20/2018   339.46095492 BRE 2009 8545 02/20/2018 C-1 Books

JCC Library | Contacts | JCC Home

Last Update on 23 September 2017
Copyright @ 2017-2020 JCC Rouf Library
Rouf Library, Jhenidah Cadet College (JCC), Bangladesh